000
00334 a2200109 4500
001
ART_50577
005
20260410161818.0
008
260409a
245
1
0
_a
La ley y el sexo
100
1
_a
Litardo, Emiliano
773
0
_t
Revista Juridica de Buenos Aires
_g
Género y derechos - Año 43, Nº 97 (nov. 2019)
_w
REV4315
999
_c
22131
_d
22131